| 000 | 00370nam a2200145Ia 4500 | ||
|---|---|---|---|
| 008 | 231207s9999 xx 000 0 und d | ||
| 041 | _aeng | ||
| 082 | _a005.74/SIL | ||
| 100 | _aA. Silberschatz | ||
| 245 | _aDatabase System Concept | ||
| 250 | _a2002, 4th Edition | ||
| 260 | _bTata mc graw hill Delhi | ||
| 300 | _aPB/1064 | ||
| 650 | _aComnputer Program Language | ||
| 999 |
_c946606 _d946606 |
||